1M Cities Starting with A - Statistics

General Stats
  • This quiz has been taken 774 times
    598 since last reset
  • The average score is 25 of 36
Answer Stats
City Country % Correct
Amsterdam Netherlands
96%
Ankara Turkey
95%
Athens Greece
95%
Abu Dhabi United Arab Emirates
93%
Abuja Nigeria
93%
Addis Ababa Ethiopia
93%
Algiers Algeria
93%
Auckland New Zealand
93%
Accra Ghana
92%
Amman Jordan
91%
Alexandria Egypt
90%
Antwerp Belgium
90%
Asunción Paraguay
90%
Adelaide Australia
88%
Antananarivo Madagascar
86%
Ashgabat Turkmenistan
84%
Abidjan Ivory Coast
83%
Atlanta United States
82%
Aleppo Syria
80%
Almaty Kazakhstan
80%
Austin United States
75%
Ahmedabad India
72%
Agra India
68%
Antalya Turkey
67%
Adana Turkey
50%
Agadir Morocco
46%
Aba Nigeria
41%
Angeles Philippines
39%
Aguascalientes Mexico
36%
Amritsar India
35%
Anshan China
34%
Ahvaz Iran
27%
Aurangabad India
24%
Aligarh India
17%
Anyang South Korea
16%
Asansol India
15%
No matching quizzes found
Score Distribution
Percent of People with Each Score
Percentile by Number Answered
Your Score History
You have not taken this quiz since the last reset